[Event "Foz do Iguacu op"]
[Site "Foz do Iguacu"]
[Date "2012.05.27"]
[Round "5"]
[White "Okawati, Gabriel Akira Andra"]
[Black "Silva, Alan Guimaraes"]
[Result "1-0"]
[WhiteElo "1706"]
[BlackElo "1827"]
[PlyCount "55"]
[EventDate "2012.05.25"]
[EventType "swiss"]
[EventRounds "6"]
[EventCountry "BRA"]
[SourceTitle "CBM 148 Extra"]
[Source "ChessBase"]
[SourceDate "2012.06.22"]
[SourceVersion "1"]
[SourceVersionDate "2012.06.22"]
[SourceQuality "1"]

1. e4 g6 2. d4 Bg7 3. Nc3 d6 4. f4 Nf6 5. Nf3 0-0 6. Bd3 Nfd7 7. Be3 e5 8. fxe5 dxe5 9. d5 c6 10. Qd2 Nf6 11. Bg5 Qd6 12. 0-0-0 a6 13. Rhf1 c5 14. Qf2 Nbd7 15. Nd2 b5 16. Qh4 Re8 17. g4 h6 18. Bxh6 Bxh6 19. Qxh6 Nxg4 20. Qg5 Ngf6 21. Rf3 Kg7 22. Rdf1 Rh8 23. Nd1 Bb7 24. Ne3 Qb6 25. Rxf6 Nxf6 26. Rxf6 Qc7 27. Nf5+ Kf8 28. Qxg6 1-0